000
00305nam a2200121Ia 4500
008
220204s9999 xx 000 0 und d
082
_a
031
_b
WAL
100
_a
Lev, Joseph
245
0
_a
Elementary statistical methods
260
_a
Calcutta
_b
Oxford & IBH
_c
1965
700
_a
Walker, Helen M
942
_c
BK
999
_c
20923
_d
20923